00446nam a22001577a 450000500170000001000150001702000230003203500130005503700130006808200060008110000290008724500440011626000370016027000720019730000190026920100820114431.0 aENG-101100 a8183411290c150.00 aEN-84633 bDBAD/PUB aN aStevenson, Robert Louis  aKidnapped /cby Robert Louis Stevenson  aDelhibRohan Book Company c2004 aG-22 Indraprastha Apptt.Patpar Ganj Plot No-114 bNew Delhie110092 a240pc18cm(Hb)